LEADER 01483nam 2200385 450 001 9910480930603321 005 20200706161353.0 010 $a1-4963-9624-3 035 $a(CKB)4100000007222433 035 $a(MiAaPQ)EBC6023339 035 $a(EXLCZ)994100000007222433 100 $a20200305d2019 uy 0 101 0 $aeng 135 $aurcnu|||||||| 181 $ctxt$2rdacontent 182 $cc$2rdamedia 183 $acr$2rdacarrier 200 00$aField guide to the business of medicine $eresource for health care professionals /$fedited by Christopher A. Clyne, MD, MBA, Diplomate of the American Board of Internal Medicine, Fellow of the American Heart Association, Fellow of the American College of Cardiology, Fellow of the Heart Rhythm Society, Barrington, Rhode Island ; edited by Britton Jewell, DO, MHA, Fellow in the American College of Osteopathic Internists, Rockville, Maryland 210 1$aPhiladelphia, Pennsylvania :$cWolters Kluwer,$d[2019] 210 4$dİ2019 215 $a1 online resource (192 pages) $cillustrations, maps 311 $a1-4963-9623-5 606 $aMedicine$xPractice 608 $aElectronic books. 615 0$aMedicine$xPractice. 676 $a610.68 702 $aClyne$b Christopher A. 702 $aJewell$b Britton 801 0$bMiAaPQ 801 1$bMiAaPQ 801 2$bMiAaPQ 906 $aBOOK 912 $a9910480930603321 996 $aField guide to the business of medicine$92006054 997 $aUNINA